| 000 | 01484nam a2200385Ia 4500 | ||
|---|---|---|---|
| 001 | ebr10568209 | ||
| 003 | CaPaEBR | ||
| 006 | m u | ||
| 007 | cr cn||||||||| | ||
| 008 | 060615s2006 enk sb 001 0 eng d | ||
| 010 | _z 2006277764 | ||
| 020 | _z1412920361 | ||
| 020 | _z141292037X | ||
| 020 | _z9781412920360 | ||
| 020 | _z9781446202784 | ||
| 040 |
_aCaPaEBR _cCaPaEBR |
||
| 035 | _a(OCoLC)797814394 | ||
| 050 | 1 | 4 |
_aQ175.32.V65 _bI587 2006eb |
| 245 | 0 | 0 |
_aInventive life _h[electronic resource] : _bapproaches to the new vitalism / _cedited by Mariam Fraser, Sarah Kember and Celia Lury. |
| 260 |
_aLondon ; _aThousand Oaks, Calif. : _bSAGE, _c2006. |
||
| 300 | _a199 p. | ||
| 490 | 1 | _aTheory, culture & society | |
| 500 | _a"Originally published as Volume 22, Number 1 of Theory, Culture & Society"--T.p.verso. | ||
| 504 | _aIncludes bibliographical references and index. | ||
| 533 |
_aElectronic reproduction. _bPalo Alto, Calif. : _cebrary, _d2011. _nAvailable via World Wide Web. _nAccess may be limited to ebrary affiliated libraries. |
||
| 650 | 0 | _aVitalism. | |
| 650 | 0 |
_aScience _xPhilosophy. |
|
| 655 | 7 |
_aElectronic books. _2local |
|
| 700 | 1 | _aFraser, Mariam. | |
| 700 | 1 | _aKember, Sarah. | |
| 700 | 1 | _aLury, Celia. | |
| 710 | 2 | _aebrary, Inc. | |
| 830 | 0 | _aTheory, culture & society (Unnumbered) | |
| 856 | 4 | 0 |
_uhttp://site.ebrary.com/lib/rucke/Doc?id=10568209 _zAn electronic book accessible through the World Wide Web; click to view |
| 999 |
_c185295 _d185295 |
||